New traveller's companion (Record no. 113970)

MARC details
000 -LEADER
fixed length control field 00655cam a22002055a 4500
001 - CONTROL NUMBER
control field L156000
008 - FIXED-LENGTH DATA ELEMENTS--GENERAL INFORMATION
fixed length control field 120424s1814 xxk f 000 0 eng d
035 ## - SYSTEM CONTROL NUMBER
System control number (Sirsi) u156000
041 0# - LANGUAGE CODE
Language code of text/sound track or separate title eng
100 1# - MAIN ENTRY--PERSONAL NAME
Personal name Whittle, James
245 00 - TITLE STATEMENT
Title New traveller's companion
Remainder of title A complete ... survey of all the principal cross roads in England, Wales, and Scotland
250 ## - EDITION STATEMENT
Edition statement 7th ed.
260 ## - PUBLICATION, DISTRIBUTION, ETC.
Place of publication, distribution, etc. London
Name of publisher, distributor, etc. The Authors
Date of publication, distribution, etc. 1814
300 ## - PHYSICAL DESCRIPTION
Extent (10) p.
Other physical details 26 plates, (maps)
Dimensions 27 cm.
583 ## - ACTION NOTE
Action Condition reviewed
Time/date of action 20120620
Status condition level 1
651 #4 - SUBJECT ADDED ENTRY--GEOGRAPHIC NAME
Geographic name Great Britain
Chronological subdivision 1707-
690 ## - LOCAL SUBJECT ADDED ENTRY--TOPICAL TERM (OCLC, RLIN)
Topical term or geographic name as entry element Infrastructure
9 (RLIN) 6246
700 1# - ADDED ENTRY--PERSONAL NAME
Personal name Laurie, Richard Holmes
942 ## - ADDED ENTRY ELEMENTS (KOHA)
Suppress in OPAC 0
Holdings
Withdrawn status Lost status Source of classification or shelving scheme Damaged status Not for loan Home library Current library Shelving location Date acquired Total Checkouts Full call number Barcode Date last seen Copy number Price effective from Koha item type
    Dewey Decimal Classification     Historic collection Historic collection Historic collection 24/04/2012   QUARTO 1814 WHITTLE 30077915 06/08/2019 1 06/08/2019 Book